Guía de la suma teológica

Uloženo v:
Podrobná bibliografie
Hlavní autor: Farrell, Walter (Autor)
Médium: Kniha
Jazyk:španělština
Vydáno: Madrid Ediciones Morata 1962
Vydání:1a. ed
Edice:Colección Jordán
Témata:
Tagy: Přidat tag
Žádné tagy, Buďte první, kdo vytvoří štítek k tomuto záznamu!

MARC

LEADER 00000cam a2200000 a 4500
001 UCE8236
003 CL-VaPUC
008 150728e19620000sp |||||||||||||||||spa|d
082 0 4 |a 291.2  |b FAR  |2 21 
100 0 |a Farrell, Walter  |e author  |9 580965 
245 1 0 |a Guía de la suma teológica 
250 |a 1a. ed 
300 |a 399 p 
942 |c BK 
945 |d 20150728 02:04:00  |a gsalatino 
260 |a Madrid  |b Ediciones Morata  |c 1962 
500 |a v.1: El arquitecto del universo 
500 |a v.2: Búsqueda de la felicidad 
500 |a v.3: Plenitud de vida 
500 |a v.4: El camino de la vida 
650 0 |a Teología cristiana  |9 308336 
650 0 |a Existencia de Dios   |9 266954 
650 0 |a Crítica e interpretación   |9 255042 
583 |a last modification  |c 20150728 02:04:00  |k Rodrigo Vera 
490 0 |a Colección Jordán 
999 |c 360175  |d 360173 
952 |0 0  |1 0  |3 erb  |4 0  |6 291_200000000000000_FAR_1962  |7 0  |8 A  |9 469823  |a BIBTEO  |b BIBTEO  |e Villagrán Garnham, Jorge  |h v.1  |i 5186315  |o 291.2 FAR 1962  |p 5186315  |r 2024-01-18  |w 2019-11-23  |y BK  |z Catalogado en:20150728  |k ICR 
952 |0 0  |1 0  |3 erb  |4 0  |6 291_200000000000000_FAR_1962  |7 0  |8 A  |9 469824  |a BIBTEO  |b BIBTEO  |e Villagrán Garnham, Jorge  |h v.2  |i 5186323  |o 291.2 FAR 1962  |p 5186323  |r 2024-01-18  |w 2019-11-23  |y BK  |z Catalogado en:20150728  |k ICR 
952 |0 0  |1 0  |3 erb  |4 0  |6 291_200000000000000_FAR_1962  |7 0  |8 A  |9 469825  |a BIBTEO  |b BIBTEO  |e Villagrán Garnham, Jorge  |h v.3  |i 5186331  |o 291.2 FAR 1962  |p 5186331  |r 2024-01-18  |w 2019-11-23  |y BK  |z Catalogado en:20150728  |k ICR 
952 |0 0  |1 0  |3 erb  |4 0  |6 291_200000000000000_FAR_1962  |7 0  |8 A  |9 469826  |a BIBTEO  |b BIBTEO  |e Villagrán Garnham, Jorge  |h v.4  |i 518634K  |o 291.2 FAR 1962  |p 518634K  |r 2024-01-18  |w 2019-11-23  |y BK  |z Catalogado en:20150728  |k ICR